<?xml version="1.0" encoding="UTF-8"?>
<record
    xmlns:xsi="http://www.w3.org/2001/XMLSchema-instance"
    xsi:schemaLocation="http://www.loc.gov/MARC21/slim http://www.loc.gov/standards/marcxml/schema/MARC21slim.xsd"
    xmlns="http://www.loc.gov/MARC21/slim">

  <leader>01051nam a22002297a 4500</leader>
  <datafield tag="952" ind1=" " ind2=" ">
    <subfield code="0">0</subfield>
    <subfield code="1">0</subfield>
    <subfield code="4">0</subfield>
    <subfield code="7">0</subfield>
    <subfield code="a">11</subfield>
    <subfield code="b">11</subfield>
    <subfield code="d">2017-07-13</subfield>
    <subfield code="l">0</subfield>
    <subfield code="o">RJ499  P75 2012</subfield>
    <subfield code="p">11 013591</subfield>
    <subfield code="r">2017-07-13</subfield>
    <subfield code="t">1</subfield>
    <subfield code="w">2017-07-13</subfield>
    <subfield code="y">LB</subfield>
  </datafield>
  <datafield tag="952" ind1=" " ind2=" ">
    <subfield code="0">0</subfield>
    <subfield code="1">0</subfield>
    <subfield code="4">0</subfield>
    <subfield code="7">0</subfield>
    <subfield code="a">11</subfield>
    <subfield code="b">11</subfield>
    <subfield code="d">2017-07-14</subfield>
    <subfield code="l">3</subfield>
    <subfield code="o">RJ499  P75 2012</subfield>
    <subfield code="p">11 013592</subfield>
    <subfield code="r">2024-07-08</subfield>
    <subfield code="s">2024-07-03</subfield>
    <subfield code="t">2</subfield>
    <subfield code="w">2017-07-14</subfield>
    <subfield code="y">LB</subfield>
  </datafield>
  <datafield tag="952" ind1=" " ind2=" ">
    <subfield code="0">0</subfield>
    <subfield code="1">0</subfield>
    <subfield code="4">0</subfield>
    <subfield code="7">0</subfield>
    <subfield code="a">11</subfield>
    <subfield code="b">11</subfield>
    <subfield code="d">2017-07-14</subfield>
    <subfield code="l">0</subfield>
    <subfield code="o">RJ499  P75 2012</subfield>
    <subfield code="p">11 013593</subfield>
    <subfield code="r">2017-07-14</subfield>
    <subfield code="t">3</subfield>
    <subfield code="w">2017-07-14</subfield>
    <subfield code="y">LB</subfield>
  </datafield>
  <datafield tag="999" ind1=" " ind2=" ">
    <subfield code="c">102295</subfield>
    <subfield code="d">102295</subfield>
  </datafield>
  <controlfield tag="008">170713s2012    cl a|||| |||| 00| 0 spa d</controlfield>
  <datafield tag="020" ind1=" " ind2=" ">
    <subfield code="a">9789562203319</subfield>
  </datafield>
  <datafield tag="050" ind1=" " ind2=" ">
    <subfield code="a">RJ499 </subfield>
    <subfield code="b">P75 2012</subfield>
  </datafield>
  <datafield tag="245" ind1=" " ind2=" ">
    <subfield code="a">Psicopatologia infantil y de la adolescencia </subfield>
    <subfield code="c">/ coordinadores Carlos Almonte Vyhmeister., Maria Elena Montt S. (y otros)</subfield>
  </datafield>
  <datafield tag="250" ind1=" " ind2=" ">
    <subfield code="a">2a. edici&#xF3;n</subfield>
  </datafield>
  <datafield tag="260" ind1=" " ind2=" ">
    <subfield code="a">Chile</subfield>
    <subfield code="b">: Mediterraneo</subfield>
    <subfield code="c">, 2012</subfield>
  </datafield>
  <datafield tag="300" ind1=" " ind2=" ">
    <subfield code="a">xii, 776 : p&#xE1;ginas</subfield>
    <subfield code="b">: ilustraciones</subfield>
  </datafield>
  <datafield tag="500" ind1=" " ind2=" ">
    <subfield code="a">Incluye: Presentaci&#xF3;n (pp.xi-Xii), Pr&#xF3;logo (p.xiii), &#xCD;ndice de materias (pp.773-776)</subfield>
  </datafield>
  <datafield tag="505" ind1=" " ind2=" ">
    <subfield code="a">Desarrollo normal y psicopatol&#xF3;gico  
Salud mental  
Trastornos  
Evaluaci&#xF3;n y tratamiento</subfield>
  </datafield>
  <datafield tag="519" ind1=" " ind2=" ">
    <subfield code="a">Educaci&#xF3;n mixta / </subfield>
    <subfield code="b">Psicolog&#xED;a / </subfield>
    <subfield code="c">Psicopatolog&#xED;a (P05) / </subfield>
    <subfield code="d">(11 013593)</subfield>
  </datafield>
  <datafield tag="650" ind1=" " ind2="0">
    <subfield code="a">PSICOPATOLOG&#xCD;A</subfield>
    <subfield code="x">INFANTIL</subfield>
  </datafield>
  <datafield tag="650" ind1=" " ind2="0">
    <subfield code="a">PSICOPATOLOG&#xCD;A</subfield>
    <subfield code="x">ADOLESCENCIA</subfield>
  </datafield>
  <datafield tag="700" ind1=" " ind2=" ">
    <subfield code="a">Almonte Vyhmeister, Carlos</subfield>
    <subfield code="e">coordinador</subfield>
  </datafield>
  <datafield tag="700" ind1=" " ind2=" ">
    <subfield code="a">Montt S. Mar&#xED;a Elena</subfield>
    <subfield code="e">coordinador</subfield>
  </datafield>
  <datafield tag="942" ind1=" " ind2=" ">
    <subfield code="c">LB</subfield>
  </datafield>
</record>
